Enrique Blanco, su historia y dramáticas aventuras / (Record no. 15782)

MARC details
000 -LEADER
campo de control de longitud fija 01031cam a2200289 a 4500
001 - NÚMERO DE CONTROL
campo de control 106499
005 - FECHA Y HORA DE LA ÚLTIMA TRANSACCIÓN
campo de control 20230410101921.0
008 - DATOS DE LONGITUD FIJA--INFORMACIÓN GENERAL
campo de control de longitud fija 830719s1983 dr a 000 0bspa
035 ## - NÚMERO DE CONTROL DEL SISTEMA
-- (DLC) 83174797
035 ## - NÚMERO DE CONTROL DEL SISTEMA
Número de control de sistema 2832006
010 ## - NÚMERO DE CONTROL DE LA BIBLIOTECA DEL CONGRESO
Número de control de LC 83174797
040 ## - FUENTE DE CATALOGACIÓN
Centro catalogador/agencia de origen DLC
Centro/agencia transcriptor DLC
Centro/agencia modificador DLC
050 14 - SIGNATURA TOPOGRÁFICA DE LA BIBLIOTECA DEL CONGRESO
Número de clasificación 118 F 1938.4
Número de ítem B641A 1983
100 2# - ENTRADA PRINCIPAL--NOMBRE DE PERSONA
Nombre de persona Acosta Estrella, Emilio.
245 10 - MENCIÓN DEL TÍTULO
Título Enrique Blanco, su historia y dramáticas aventuras /
Mención de responsabilidad, etc. por Emilio Acosta Estrella.
260 ## - PUBLICACIÓN, DISTRIBUCIÓN, ETC.
Lugar de publicación, distribución, etc. Sto. Dgo. [i.e. Santo Domingo], R.D. :
Nombre del editor, distribuidor, etc. Editorial del Nordeste,
Fecha de publicación, distribución, etc. 1983.
300 ## - DESCRIPCIÓN FÍSICA
Extensión 389 p. :
Otras características físicas ill. (some col.) ;
Dimensiones 21 cm.
600 10 - PUNTO DE ACCESO ADICIONAL DE MATERIA--NOMBRE DE PERSONA
Nombre de persona Blanco, Enrique,
Fechas asociadas al nombre 1907-1936.
650 #0 - PUNTO DE ACCESO ADICIONAL DE MATERIA--TÉRMINO DE MATERIA
Término de materia o nombre geográfico como elemento de entrada Outlaws
Subdivisión geográfica Dominican Republic
Subdivisión general Biography.
650 #0 - PUNTO DE ACCESO ADICIONAL DE MATERIA--TÉRMINO DE MATERIA
Término de materia o nombre geográfico como elemento de entrada Soldiers
Subdivisión geográfica Dominican Republic
Subdivisión general Biography.
650 #4 - PUNTO DE ACCESO ADICIONAL DE MATERIA--TÉRMINO DE MATERIA
Término de materia o nombre geográfico como elemento de entrada CFB
650 #4 - PUNTO DE ACCESO ADICIONAL DE MATERIA--TÉRMINO DE MATERIA
Término de materia o nombre geográfico como elemento de entrada Colección Font Bernard
610 20 - PUNTO DE ACCESO ADICIONAL DE MATERIA--NOMBRE DE ENTIDAD CORPORATIVA
Nombre de entidad corporativa o nombre de jurisdicción como elemento de entrada Dominican Republic.
Unidad subordinada Ejército Nacional
Subdivisión general Biography
600 14 - PUNTO DE ACCESO ADICIONAL DE MATERIA--NOMBRE DE PERSONA
Nombre de persona Blanco Sosa, Rafael Enrique*1907-1936
651 #4 - PUNTO DE ACCESO ADICIONAL DE MATERIA--NOMBRE GEOGRÁFICO
Nombre geográfico República Dominicana
Subdivisión general Historia
Subdivisión cronológica Era de Trujillo*1930-1961
942 ## - ELEMENTOS DE ENTRADA SECUNDARIOS (KOHA)
Fuente del sistema de clasificación o colocación Clasificación de Library of Congress
Tipo de ítem Koha
Holdings
Estatus retirado Estado de pérdida Fuente del sistema de clasificación o colocación Estado de daño No para préstamo Colección Biblioteca de origen Biblioteca actual Ubicación en estantería Fecha de adquisición Serial enumeration / chronology Signatura topográfica completa Código de barras Visto por última vez Copia número Tipo de ítem Koha
    Clasificación de Library of Congress     Recursos Regionales Biblioteca Juan Bosch Biblioteca Juan Bosch Recursos Regionales (2do. Piso) 10/04/2023 1 118 F 1938.4 B641A 1983 00000061750 23/10/2018 1